| 000 | 00739nam a2200217 i 4500 | ||
|---|---|---|---|
| 001 | bg | ||
| 245 | 0 | 0 |
_aHistorical statistics = _bStatisques rétrospectives : 1960-1993 / _cOrganisation for Economic Co-operation and Development. Statistcs Directorate. |
| 260 |
_aParis : _bOECD, _c1995= _bOCDE. |
||
| 300 |
_a180 s. : _bwykr. ; _c28 cm. |
||
| 500 | _aTyt. i treść równol. w jęz. ang. i franc. | ||
| 610 | 2 | 9 |
_aOrganizacja Współpracy Gospodarczej i Rozwoju _xstatystyka |
| 650 | 9 | _aStatystyka gospodarcza | |
| 655 | _aTablice i wzory | ||
| 020 | _a9264044965 | ||
| 040 | _cBPK | ||
| 041 | w | _aenfr | |
| 080 | _a311.3(083.41):339.9(100) | ||
| 920 | _a92-64-04496-5 | ||
| 942 | _cKS | ||
| 008 | s pl f |000 0 pol | ||
| 999 |
_c31431 _d31431 |
||
| 856 |
_uhttp://koha.tu.koszalin.pl/cgi-bin/koha/opac-detail.pl?biblionumber=31431 _yKatalog online BPK |
||